[Event "FRA-ch op-B"]
[Site "Nimes"]
[Date "2009.08.11"]
[Round "1"]
[White "Harmenil, Karim"]
[Black "Moreau, Luc"]
[Result "0-1"]
[WhiteElo "1870"]
[BlackElo "1985"]
[PlyCount "94"]
[EventDate "2009.08.11"]
[EventType "swiss"]
[EventRounds "11"]
[EventCountry "FRA"]
[SourceTitle "EXT 2011"]
[Source "ChessBase"]
[SourceDate "2010.11.26"]
[SourceVersion "1"]
[SourceVersionDate "2010.11.26"]
[SourceQuality "1"]

1. e4 c5 2. Nf3 d6 3. Nc3 Nf6 4. d3 Nc6 5. Be2 g6 6. Bg5 Bg7 7. 0-0 0-0 8. Qd2 Re8 9. Bh6 Bh8 10. Rab1 Rb8 11. a4 a6 12. Nd5 b5 13. axb5 axb5 14. Nxf6+ Bxf6 15. c3 b4 16. d4 Qb6 17. d5 bxc3 18. bxc3 Qxb1 19. Rxb1 Rxb1+ 20. Ne1 Ne5 21. f3 Bd7 22. Kf2 Reb8 23. Qa2 R1b2 24. Qa7 R2b7 25. Qa2 Rb2 26. Qa7 R2b7 27. Qa2 Bb5 28. Bc1 Bxe2 29. Kxe2 Rb3 30. Nd3 Nxd3 31. Kxd3 Rxc3+ 32. Kd2 Rcb3 33. Kc2 Rb2+ 34. Bxb2 Rxb2+ 35. Qxb2 Bxb2 36. Kxb2 Kg7 37. Kc3 Kf6 38. f4 g5 39. g3 gxf4 40. gxf4 Kg6 41. Kd3 Kh5 42. Ke3 Kg4 43. h3+ Kxh3 44. Kf3 f6 45. e5 fxe5 46. fxe5 dxe5 47. Ke4 c4 0-1